Fr. Conceicao Rodrigues College of Engineering

Head first java (Record no. 29811)

MARC details
000 -LEADER
fixed length control field 00334nam a2200169Ia 4500
082 ## - DEWEY DECIMAL CLASSIFICATION NUMBER
Classification number 005.133 J/SIE
Item number SIE
100 ## - MAIN ENTRY--PERSONAL NAME
Personal name Sierra/kathy/ Bates/Best
250 ## - EDITION STATEMENT
Edition statement 2
245 ## - TITLE STATEMENT
Title Head first java
260 ## - PUBLICATION, DISTRIBUTION, ETC.
Name of publisher, distributor, etc. Orielly
Date of publication, distribution, etc. 2008
366 ## - TRADE AVAILABILITY INFORMATION
Publishers's discount category 20
546 ## - LANGUAGE NOTE
Language note ENGLISH
650 ## - SUBJECT ADDED ENTRY--TOPICAL TERM
Topical term or geographic name entry element Java
654 ## - SUBJECT ADDED ENTRY--FACETED TOPICAL TERMS
Focus term java
942 ## - ADDED ENTRY ELEMENTS (KOHA)
Koha item type BOOK
Holdings
Withdrawn status Lost status Damaged status Not for loan Collection Home library Current library Date acquired Source of acquisition Cost, normal purchase price Inventory number Total Checkouts Full call number Barcode Date last seen Cost, replacement price Price effective from Koha item type
        CRC Fr. Agnel's C.Rodrigues College of Engineering Fr. Agnel's C.Rodrigues College of Engineering 17/03/2023 Allied Publishers 360.00 2084 dt 24/09/2008   005.133 J/SIE SIE 19002 17/03/2023 450.00   BOOK